[Event "British Columbia-ch"]
[Site "Vancouver CAN"]
[Date "2006.10.08"]
[Round "5.2"]
[White "Jiang, Louie"]
[Black "Pechisker, Alfred"]
[Result "1/2-1/2"]
[WhiteElo "2090"]
[BlackElo "2278"]
[PlyCount "163"]
[EventDate "2006.10.06"]
[EventType "tourn"]
[EventRounds "7"]
[EventCountry "CAN"]

1. e4 c6 2. d4 d5 3. Nc3 dxe4 4. Nxe4 Nf6 5. Nxf6+ exf6 6. Nf3 Bd6 7. Bd3 O-O
8. O-O Re8 9. c3 Nd7 10. Be3 Nf8 11. h3 f5 12. Qc2 f4 13. Bd2 Qf6 14. Rfe1 Bd7
15. Rxe8 Rxe8 16. Re1 Rxe1+ 17. Bxe1 g5 18. Qe2 Ng6 19. Nd2 Bc7 20. Ne4 Qe7 21.
Nc5 Bc8 22. Qxe7 Nxe7 23. Ne4 h6 24. Nf6+ Kf8 25. c4 Bb6 26. Bc3 Nf5 27. d5
cxd5 28. cxd5 Bd8 29. Ne4 Be7 30. Be5 b6 31. Bb5 Bd8 32. b4 Nh4 33. Nd6 Bxh3
34. Nb7 Bxg2 35. Bd6+ Kg7 36. Nxd8 Bxd5 37. a3 Nf3+ 38. Kf1 h5 39. Bc6 Bc4+ 40.
Kg2 Ne1+ 41. Kg1 b5 42. Be4 f5 43. Bxf5 Nf3+ 44. Kh1 Bd5 45. Be6 Be4 46. Bh3
Nd2+ 47. Kg1 Kf6 48. Bc8 Nc4 49. Bc5 a5 50. bxa5 Nxa5 51. Bb4 Nb3 52. Bb7 Bd3
53. Nc6 g4 54. Bd6 Kf5 55. Ne7+ Ke6 56. Bb4 Nc1 57. Bd5+ Ke5 58. Bc3+ Kd6 59.
Bb4+ Kc7 60. Nc6 Ne2+ 61. Kg2 f3+ 62. Kh1 Nf4 63. Ne5 g3 64. Nxf3 gxf2 65. Nd2
Nxd5 66. Ba5+ Kd6 67. Kg2 f1=Q+ 68. Nxf1 h4 69. Nd2 Bf5 70. Bd8 h3+ 71. Kh2 Ne3
72. Nf3 Kd5 73. Be7 Kc4 74. Bg5 Kd3 75. Be7 Bc8 76. Bd6 Ke4 77. Ng5+ Kd5 78.
Bf4 Nf1+ 79. Kg1 h2+ 80. Bxh2 Nxh2 81. Kxh2 Kc4 82. Ne4 1/2-1/2

[Event "British Columbia-ch"]
[Site "Vancouver CAN"]
[Date "2006.10.08"]
[Round "5.3"]
[White "Davies, Lucas"]
[Black "Wu, Howard"]
[Result "1-0"]
[WhiteElo "2178"]
[BlackElo "2186"]
[PlyCount "83"]
[EventDate "2006.10.06"]
[EventType "tourn"]
[EventRounds "7"]
[EventCountry "CAN"]

1. e4 c5 2. Nc3 Nc6 3. g3 g6 4. Bg2 Bg7 5. d3 e5 6. Be3 d6 7. Qd2 Nd4 8. Nd1
Nf6 9. c3 Nc6 10. h3 Be6 11. f4 O-O 12. Nf3 c4 13. Nf2 cxd3 14. O-O Bc4 15. b3
Ba6 16. Rad1 Re8 17. fxe5 dxe5 18. Ne1 Qa5 19. Nexd3 Qc7 20. c4 b6 21. g4 Nd7
22. g5 Rad8 23. Ng4 Re6 24. Qf2 Rf8 25. Bc1 Nd4 26. Ba3 Nc5 27. Nb4 Bb7 28. Nd5
Bxd5 29. cxd5 Rd6 30. Qh4 Ne2+ 31. Kh2 Nf4 32. Bb2 f6 33. Rxf4 exf4 34. gxf6
Bxf6 35. Bxf6 h5 36. Be5 f3 37. Bxd6 Qxd6+ 38. e5 Qb8 39. Qg5 hxg4 40. Qxg6+
Kh8 41. Qh5+ Kg7 42. Rd4 1-0

[Event "British Columbia-ch"]
[Site "Vancouver CAN"]
[Date "2006.10.08"]
[Round "5.4"]
[White "Berry, Jonathan"]
[Black "Milicevic, Dragoljub"]
[Result "1/2-1/2"]
[WhiteElo "2295"]
[BlackElo "2118"]
[PlyCount "31"]
[EventDate "2006.10.06"]
[EventType "tourn"]
[EventRounds "7"]
[EventCountry "CAN"]

1. e4 d5 2. exd5 Nf6 3. d4 Nxd5 4. Nf3 Bg4 5. h3 Bf5 6. Be2 Nb4 7. Na3 e6 8. c3
Nd5 9. Nc4 Nc6 10. O-O Be7 11. Re1 O-O 12. Bf1 h6 13. a4 a5 14. Ne3 Nxe3 15.
Bxe3 Bf6 16. Bf4 1/2-1/2

[Event "British Columbia-ch"]
[Site "Vancouver CAN"]
[Date "2006.10.09"]
[Round "6.1"]
[White "Patterson, Roger"]
[Black "Milicevic, Dragoljub"]
[Result "1/2-1/2"]
[WhiteElo "2165"]
[BlackElo "2118"]
[PlyCount "41"]
[EventDate "2006.10.06"]
[EventType "tourn"]
[EventRounds "7"]
[EventCountry "CAN"]

1. e4 g6 2. d4 Bg7 3. Nc3 d6 4. f4 a6 5. Nf3 e6 6. Bd3 Ne7 7. O-O Nd7 8. Ne2 b6
9. c3 Bb7 10. Qe1 d5 11. e5 c5 12. g4 h5 13. h3 hxg4 14. hxg4 Nf8 15. Kg2 Qc7
16. Be3 O-O-O 17. b4 c4 18. Bc2 Bc6 19. a4 Be8 20. Qd2 f5 21. g5 1/2-1/2

[Event "British Columbia-ch"]
[Site "Vancouver CAN"]
[Date "2006.10.09"]
[Round "6.2"]
[White "Wu, Howard"]
[Black "Berry, Jonathan"]
[Result "1-0"]
[WhiteElo "2186"]
[BlackElo "2295"]
[PlyCount "83"]
[EventDate "2006.10.06"]
[EventType "tourn"]
[EventRounds "7"]
[EventCountry "CAN"]

1. e4 c6 2. d4 d5 3. exd5 cxd5 4. c4 Nf6 5. Nc3 e6 6. Nf3 Bb4 7. cxd5 Nxd5 8.
Bd2 Be7 9. Bd3 Nc6 10. O-O Bf6 11. Be3 O-O 12. Rc1 Ncb4 13. Bb1 b6 14. a3 Nxc3
15. bxc3 Nd5 16. Qd3 g6 17. Bh6 Re8 18. c4 Ne7 19. Qe4 Ba6 20. Rfd1 Nf5 21. Bf4
Rc8 22. c5 Ne7 23. Bc2 Nd5 24. Ba4 b5 25. Bb3 Nxf4 26. Qxf4 Bb7 27. Ne5 Rc7 28.
Qe3 Bd5 29. f4 Qa8 30. Rd2 Rd8 31. Bd1 a5 32. Rb1 Rb8 33. Rdb2 Bxe5 34. Qxe5
Qc6 35. h4 h5 36. Kh2 Rcb7 37. Qg5 Be4 38. Rc1 Rd7 39. Qe5 Rbd8 40. Be2 f6 41.
Qxf6 Rf8 42. Qe5 1-0

[Event "British Columbia-ch"]
[Site "Vancouver CAN"]
[Date "2006.10.09"]
[Round "6.3"]
[White "Pechisker, Alfred"]
[Black "Davies, Lucas"]
[Result "1-0"]
[WhiteElo "2278"]
[BlackElo "2178"]
[PlyCount "81"]
[EventDate "2006.10.06"]
[EventType "tourn"]
[EventRounds "7"]
[EventCountry "CAN"]

1. d4 Nf6 2. c4 g6 3. Nc3 Bg7 4. e4 d6 5. f3 O-O 6. Bg5 c5 7. d5 e6 8. Qd2 exd5
9. Nxd5 Be6 10. Ne2 Bxd5 11. cxd5 a6 12. g4 Nbd7 13. Ng3 Qe7 14. Be2 Rfe8 15.
O-O Qf8 16. Qc2 b5 17. Rae1 b4 18. Bc1 Nb6 19. h4 Nfd7 20. h5 Qe7 21. Kg2 a5
22. f4 Rec8 23. g5 Rc7 24. f5 Be5 25. f6 Qf8 26. hxg6 fxg6 27. Bg4 c4 28. Be6+
Kh8 29. Rh1 Nc5 30. Rh6 Re8 31. Be3 b3 32. Qb1 Nba4 33. Reh1 Nxe6 34. dxe6 Rxe6
35. Rxg6 Nxb2 36. Nf5 c3 37. Ng7 Rxg7 38. fxg7+ Bxg7 39. Rxe6 c2 40. Qe1 Nd1
41. axb3 1-0

[Event "British Columbia-ch"]
[Site "Vancouver CAN"]
[Date "2006.10.09"]
[Round "6.4"]
[White "McLaren, Brian"]
[Black "Jiang, Louie"]
[Result "1-0"]
[WhiteElo "2220"]
[BlackElo "2090"]
[PlyCount "123"]
[EventDate "2006.10.06"]
[EventType "tourn"]
[EventRounds "7"]
[EventCountry "CAN"]

1. e4 c5 2. Nc3 Nc6 3. g3 e6 4. Bg2 Nf6 5. Nge2 d5 6. exd5 exd5 7. d4 Be6 8.
O-O Be7 9. dxc5 Qd7 10. Bg5 Rd8 11. Nf4 d4 12. Bxf6 Bxf6 13. Ne4 Be7 14. Nxe6
Qxe6 15. Re1 O-O 16. Nd6 Qf6 17. Nxb7 Rd7 18. Bxc6 Qxc6 19. Na5 Qxc5 20. Nb3
Qb6 21. Qd3 Bf6 22. Rab1 Rfd8 23. Nd2 g6 24. b3 Rd5 25. Re4 Qd6 26. a4 Qd7 27.
Rbe1 Rc5 28. Nc4 Rh5 29. f4 Rc5 30. R1e2 h5 31. Rd2 Qc7 32. Qe2 Qc8 33. Qd1 Qc7
34. Qf3 Kg7 35. Kg2 Rh8 36. h3 g5 37. Rf2 Rh6 38. Re8 Qd7 39. Qa8 Qd5+ 40. Qxd5
Rxd5 41. Rf3 g4 42. Rd3 gxh3+ 43. Kxh3 Rh8 44. Rxh8 Kxh8 45. g4 Kh7 46. gxh5
Rxh5+ 47. Kg4 Kg6 48. Nd6 Rh2 49. f5+ Kh7 50. Rh3+ Rxh3 51. Kxh3 Kg8 52. Kg4
Kf8 53. Kf4 a6 54. Ke4 Ke7 55. Kd5 Bg5 56. b4 Be3 57. Ne4 Bg1 58. Nc5 Kf6 59.
Ke4 Ke7 60. Nxa6 Kd6 61. Nc5 f6 62. Nb3 1-0

[Event "British Columbia-ch"]
[Site "Vancouver CAN"]
[Date "2006.10.09"]
[Round "7.1"]
[White "Jiang, Louie"]
[Black "Patterson, Roger"]
[Result "1/2-1/2"]
[WhiteElo "2090"]
[BlackElo "2165"]
[PlyCount "42"]
[EventDate "2006.10.06"]
[EventType "tourn"]
[EventRounds "7"]
[EventCountry "CAN"]

1. e4 c5 2. Nf3 d6 3. d4 cxd4 4. Nxd4 Nf6 5. Nc3 e6 6. Be2 Be7 7. O-O O-O 8.
Be3 a6 9. a4 Nc6 10. f4 Qc7 11. Bf3 Re8 12. Qd2 Rb8 13. Kh1 Nxd4 14. Bxd4 b6
15. Rad1 Nd7 16. Rfe1 Bb7 17. Qf2 Bc6 18. Qg3 e5 19. Be3 exf4 20. Bxf4 Ne5 21.
Qf2 Bf8 1/2-1/2

[Event "British Columbia-ch"]
[Site "Vancouver CAN"]
[Date "2006.10.09"]
[Round "7.2"]
[White "Davies, Lucas"]
[Black "McLaren, Brian"]
[Result "0-1"]
[WhiteElo "2178"]
[BlackElo "2220"]
[PlyCount "92"]
[EventDate "2006.10.06"]
[EventType "tourn"]
[EventRounds "7"]
[EventCountry "CAN"]

1. e4 c5 2. Nf3 d6 3. d4 cxd4 4. Nxd4 Nf6 5. Nc3 a6 6. Be2 e6 7. O-O Be7 8. a4
b6 9. f4 Qc7 10. Kh1 Nbd7 11. Bf3 Bb7 12. Qe2 Rc8 13. Bd2 g6 14. g4 e5 15. Nb3
Qc4 16. Rae1 Qxe2 17. Rxe2 h6 18. f5 g5 19. Kg2 Rc4 20. Nc1 O-O 21. h4 Nh7 22.
Nd3 Rfc8 23. Rff2 Kg7 24. h5 Nhf6 25. Kg3 b5 26. axb5 axb5 27. Be1 b4 28. Nd5
Bxd5 29. exd5 e4 30. Nxb4 exf3 31. Rxe7 Ne5 32. Rxe5 dxe5 33. Rxf3 Rxg4+ 34.
Kh2 Rxb4 35. Bxb4 Rxc2+ 36. Kg1 Rxb2 37. Bc3 Rb1+ 38. Kg2 Nxd5 39. f6+ Kf8 40.
Bxe5 Ke8 41. Ra3 Kd7 42. Ra6 Rb6 43. Ra8 Nxf6 44. Rh8 Nxh5 45. Kf3 Re6 46. Kg4
Nf6+ 0-1

[Event "British Columbia-ch"]
[Site "Vancouver CAN"]
[Date "2006.10.09"]
[Round "7.3"]
[White "Berry, Jonathan"]
[Black "Pechisker, Alfred"]
[Result "1-0"]
[WhiteElo "2295"]
[BlackElo "2278"]
[PlyCount "83"]
[EventDate "2006.10.06"]
[EventType "tourn"]
[EventRounds "7"]
[EventCountry "CAN"]

1. d4 Nf6 2. Nf3 g6 3. Bg5 Bg7 4. Nbd2 d5 5. e3 O-O 6. c3 Nbd7 7. h3 Re8 8. Bf4
c5 9. Be2 cxd4 10. cxd4 Ne4 11. O-O e5 12. dxe5 Nxd2 13. Qxd2 Nxe5 14. Bxe5
Bxe5 15. Nxe5 Rxe5 16. Rfd1 Qe7 17. Bf3 Be6 18. Rac1 a6 19. Qd4 Rf5 20. Rc5 Rd8
21. b4 h5 22. h4 Rd6 23. Rdc1 Qf6 24. Qxf6 Rxf6 25. a3 b6 26. Rc7 Bf5 27. Rd1
Be4 28. Be2 b5 29. Rc5 Rfe6 30. f3 Bf5 31. Kf2 Re5 32. f4 Re7 33. Rcxd5 Rde6
34. Bd3 Rxe3 35. Bxf5 gxf5 36. R1d3 Rxd3 37. Rxd3 Kg7 38. Rd6 Re6 39. Rxe6 fxe6
40. Ke3 Kf7 41. Kd4 Kf6 42. g3 1-0

[Event "British Columbia-ch"]
[Site "Vancouver CAN"]
[Date "2006.10.09"]
[Round "7.4"]
[White "Milicevic, Dragoljub"]
[Black "Wu, Howard"]
[Result "0-1"]
[WhiteElo "2118"]
[BlackElo "2186"]
[PlyCount "110"]
[EventDate "2006.10.06"]
[EventType "tourn"]
[EventRounds "7"]
[EventCountry "CAN"]

1. g3 c5 2. Bg2 Nc6 3. Nc3 g6 4. d3 Bg7 5. f4 d6 6. Nf3 e6 7. O-O Nge7 8. Be3
O-O 9. Bf2 Rb8 10. Qd2 b5 11. e4 b4 12. Nd1 a5 13. Re1 e5 14. c3 bxc3 15. bxc3
Be6 16. Rc1 c4 17. d4 exd4 18. Nxd4 Nxd4 19. cxd4 d5 20. e5 Nc6 21. Ne3 Nb4 22.
Bf1 Qd7 23. a3 Nc6 24. Bg2 Rb3 25. Rc3 Rfb8 26. g4 Rxc3 27. Qxc3 Rb3 28. Qd2
Rd3 29. Qc2 Nxd4 30. Nxd5 Bxd5 31. Bxd4 Qxg4 32. Bc5 Qxg2+ 33. Qxg2 Bxg2 34.
Kxg2 Bf8 35. Bxf8 Kxf8 36. Re4 c3 37. Rc4 Rd2+ 38. Kg3 c2 39. h4 Ke7 40. Kf3
Ke6 41. Ke3 Rh2 42. Kd3 Kf5 43. a4 h5 44. Ke3 Rh3+ 45. Kd2 Rxh4 46. Rc5 Rxf4
47. Rxa5 Rc4 48. Kc1 h4 49. Ra8 h3 50. Rh8 Kg4 51. Rh7 Rxa4 52. Rxf7 Re4 53.
Rf6 g5 54. e6 h2 55. Rh6 Re1+ 0-1

[Event "CAN-ch"]
[Site "Toronto CAN"]
[Date "2006.08.18"]
[Round "1"]
[White "Ademi, Sami"]
[Black "Plotkin, Victor"]
[Result "0-1"]
[WhiteElo "2249"]
[BlackElo "2164"]
[PlyCount "94"]
[EventDate "2006.08.18"]
[EventType "swiss"]
[EventRounds "9"]
[EventCountry "CAN"]
[Source "Mark Crowther"]
[SourceDate "2006.08.21"]

1. e4 e5 2. Nf3 Nc6 3. Bb5 a6 4. Ba4 Nf6 5. O-O Be7 6. Re1 b5 7. Bb3 O-O 8. d3
d6 9. c3 Na5 10. Bc2 c5 11. h3 Re8 12. Nbd2 Bf8 13. Nf1 Nc6 14. Bg5 h6 15. Bh4
g5 16. Bg3 Qc7 17. Ne3 Ne7 18. Nh2 Ng6 19. Nhg4 Bg7 20. Nxf6+ Bxf6 21. Nd5 Qd8
22. Qh5 Kg7 23. Bb3 Be6 24. Ne3 Qd7 25. Bd5 Ra7 26. a4 bxa4 27. Bxe6 fxe6 28.
Qd1 Rb8 29. Qxa4 Qxa4 30. Rxa4 Nf4 31. Rd1 Rxb2 32. Nc4 Rb3 33. Ra2 d5 34. Nd6
Ra8 35. Bxf4 exf4 36. exd5 exd5 37. c4 Rb6 38. Nb5 Rd8 39. Nc7 dxc4 40. Rxa6
Rxa6 41. Nxa6 Rxd3 42. Rc1 Bd4 43. Rxc4 Rd1+ 44. Kh2 Bxf2 45. h4 h5 46. g4
fxg3+ 47. Kg2 g4 0-1

[Event "CAN-ch"]
[Site "Toronto CAN"]
[Date "2006.08.18"]
[Round "1"]
[White "Anastasovski, Nikola"]
[Black "Bailey, Doug"]
[Result "1-0"]
[WhiteElo "2016"]
[BlackElo "2308"]
[PlyCount "73"]
[EventDate "2006.08.18"]
[EventType "swiss"]
[EventRounds "9"]
[EventCountry "CAN"]
[Source "Mark Crowther"]
[SourceDate "2006.08.21"]

1. e4 c5 2. c4 Nc6 3. Nc3 g6 4. g3 Bg7 5. Bg2 d6 6. d3 e6 7. Be3 Nge7 8. Nge2
Nd4 9. Qd2 Nec6 10. O-O h5 11. h3 a6 12. f4 Qa5 13. Rae1 Bd7 14. f5 Be5 15.
fxg6 fxg6 16. Bg5 Nd8 17. Nd5 exd5 18. Qxa5 N8e6 19. Bf6 Nc6 20. Qb6 dxc4 21.
dxc4 h4 22. Bxe5 dxe5 23. Rf6 hxg3 24. Rxe6+ Bxe6 25. Qxb7 Rc8 26. Rf1 Ne7 27.
Qxa6 Rc6 28. Qb5 Rh5 29. Nxg3 Rg5 30. Kh2 Bd7 31. Qa5 Rd6 32. Qxc5 Rd3 33. Qf2
Kd8 34. Ne2 Rh5 35. Qf8+ Be8 36. Nc3 Kd7 37. Rd1 1-0

[Event "CAN-ch"]
[Site "Toronto CAN"]
[Date "2006.08.18"]
[Round "1"]
[White "Arsenault, Nicolas"]
[Black "Ochkoos, Jura"]
[Result "0-1"]
[WhiteElo "2113"]
[BlackElo "2305"]
[PlyCount "98"]
[EventDate "2006.08.18"]
[EventType "swiss"]
[EventRounds "9"]
[EventCountry "CAN"]
[Source "Mark Crowther"]
[SourceDate "2006.08.21"]

1. e4 e5 2. Nf3 Nc6 3. Nc3 Nf6 4. g3 Bc5 5. Bg2 d6 6. d3 a6 7. O-O Bg4 8. h3
Bh5 9. g4 Bg6 10. Be3 h5 11. g5 Nd7 12. Qd2 h4 13. Kh2 Nf8 14. Bxc5 dxc5 15.
Nd5 Ne6 16. Rg1 Qd6 17. a3 O-O-O 18. b4 f5 19. gxf6 gxf6 20. Bh1 Bf7 21. Ne3
Nf4 22. Nf5 Qf8 23. Rab1 Be6 24. b5 axb5 25. Rxb5 Bxf5 26. exf5 Qd6 27. Rg4
Rdg8 28. Ne1 Rxg4 29. hxg4 e4 30. Kg1 Rg8 31. Bxe4 Rxg4+ 32. Kh1 Nh3 33. Nf3
Nd4 34. Rb1 b6 35. Nh2 Rf4 36. f3 Ng5 37. Re1 Nxf5 38. Bxf5+ Rxf5 39. Re8+ Kb7
40. Qg2 Qc6 41. Re3 Rf4 42. Kg1 Qa4 43. Ng4 Qxa3 44. Kh2 Qc3 45. Qf2 Qd4 46.
Qe2 Qd6 47. Kg2 Qc6 48. Nh2 Qd7 49. Ng4 Rxf3 0-1

[Event "CAN-ch"]
[Site "Toronto CAN"]
[Date "2006.08.18"]
[Round "1"]
[White "Filipovich, David"]
[Black "Belc, Daniela"]
[Result "1-0"]
[WhiteElo "2236"]
[BlackElo "2064"]
[PlyCount "83"]
[EventDate "2006.08.18"]
[EventType "swiss"]
[EventRounds "9"]
[EventCountry "CAN"]
[Source "Mark Crowther"]
[SourceDate "2006.08.21"]

1. Nf3 c5 2. g3 Nc6 3. Bg2 d5 4. d4 Nf6 5. O-O e6 6. c4 cxd4 7. Nxd4 Bc5 8.
Nxc6 bxc6 9. Qc2 Be7 10. Nc3 O-O 11. Rd1 Ba6 12. cxd5 cxd5 13. e4 Qc7 14. Qa4
d4 15. e5 Qxe5 16. Bf4 Qh5 17. Qxa6 dxc3 18. Bxa8 cxb2 19. Rab1 Rxa8 20. Qb7
Re8 21. Qxb2 Ng4 22. h4 g5 23. Qb5 f5 24. f3 gxf4 25. fxg4 Qg6 26. h5 Qf7 27.
gxf5 fxg3 28. Rd3 exf5 29. Qd5 f4 30. Rf1 Rf8 31. Rxf4 Bc5+ 32. Kf1 Qxd5 33.
Rxf8+ Kxf8 34. Rxd5 Bf2 35. Rd7 Kg8 36. h6 Be3 37. Rg7+ Kh8 38. Rxg3 Bxh6 39.
Ra3 Kg7 40. Rxa7+ Kg6 41. Ra6+ Kg7 42. Rxh6 1-0

[Event "CAN-ch"]
[Site "Toronto CAN"]
[Date "2006.08.18"]
[Round "1"]
[White "Findlay, Ian"]
[Black "Lipnowski, Samuel"]
[Result "1/2-1/2"]
[WhiteElo "2325"]
[BlackElo "2247"]
[PlyCount "106"]
[EventDate "2006.08.18"]
[EventType "swiss"]
[EventRounds "9"]
[EventCountry "CAN"]
[Source "Mark Crowther"]
[SourceDate "2006.08.21"]

1. e4 e5 2. Nf3 Nc6 3. Bb5 a6 4. Ba4 Nf6 5. O-O Be7 6. Re1 b5 7. Bb3 d6 8. c3
O-O 9. h3 Re8 10. d4 Bb7 11. Nbd2 Bf8 12. a3 Na5 13. Bc2 c5 14. b4 Nc6 15. d5
Nb8 16. bxc5 dxc5 17. c4 Nbd7 18. a4 b4 19. Nf1 a5 20. Ng3 g6 21. Bb2 Bd6 22.
Qd2 Ba6 23. Bb3 Nb6 24. Rec1 Nfd7 25. Rc2 Nc8 26. Rf1 Bf8 27. Nh2 Nd6 28. Nf3
Bg7 29. Re1 Nb6 30. Qe2 Qd7 31. Ra1 f6 32. Ra2 Bh6 33. Nf1 Rac8 34. N1h2 Bg7
35. Ng4 h5 36. Ngh2 Bh6 37. Nf1 Kh7 38. Ng3 Rc7 39. Ra1 Bf4 40. Bc1 Bxc1 41.
Rcxc1 Qg7 42. Nd2 Qh6 43. Ngf1 Qf4 44. g3 Qh6 45. Ne3 Kg7 46. h4 Bc8 47. Bc2
Ba6 48. Bd3 Bc8 49. Kg2 Bd7 50. Bc2 Ra8 51. Rf1 Qh8 52. f4 Qe8 53. Qf3 Qe7
1/2-1/2

[Event "CAN-ch"]
[Site "Toronto CAN"]
[Date "2006.08.18"]
[Round "1"]
[White "Kagramanov, Dina"]
[Black "Hamilton, Robert"]
[Result "0-1"]
[WhiteElo "2076"]
[BlackElo "2333"]
[PlyCount "64"]
[EventDate "2006.08.18"]
[EventType "swiss"]
[EventRounds "9"]
[EventCountry "CAN"]
[Source "Mark Crowther"]
[SourceDate "2006.08.21"]

1. e4 c5 2. Nf3 e6 3. c3 d5 4. e5 d4 5. Bb5+ Bd7 6. Qe2 Nc6 7. Na3 Nge7 8. Nc2
Nf5 9. g4 Nh4 10. Nxh4 Qxh4 11. cxd4 cxd4 12. Qe4 a6 13. Be2 h5 14. d3 hxg4 15.
Bd2 Rh5 16. Bf4 Nxe5 17. Nxd4 Nc6 18. Bg3 Qf6 19. Nb3 Ne5 20. O-O Bc6 21. Qf4
Rf5 22. Qd4 Rd8 23. Qc3 Rh5 24. Rfd1 Nf3+ 25. Bxf3 Qxf3 26. Kf1 g6 27. Nd2 Qg2+
28. Ke1 Rc5 29. Qf6 Rc2 30. Nf1 Qf3 31. Qxf3 Bxf3 32. Rdc1 Bb4+ 0-1

[Event "CAN-ch"]
[Site "Toronto CAN"]
[Date "2006.08.18"]
[Round "1"]
[White "Reeve, Jeff"]
[Black "Chung, Kevin"]
[Result "1/2-1/2"]
[WhiteElo "2252"]
[BlackElo "2047"]
[PlyCount "90"]
[EventDate "2006.08.18"]
[EventType "swiss"]
[EventRounds "9"]
[EventCountry "CAN"]
[Source "Mark Crowther"]
[SourceDate "2006.08.21"]

1. e4 e6 2. d3 d5 3. Qe2 Be7 4. Nf3 Nf6 5. g3 O-O 6. Bg2 c5 7. e5 Nfd7 8. O-O
Nc6 9. c4 d4 10. h4 Re8 11. Bf4 Bf8 12. Nbd2 f5 13. h5 Be7 14. Bh3 g5 15. hxg6
hxg6 16. g4 g5 17. gxf5 exf5 18. Nxg5 Bxg5 19. Kh1 Ndxe5 20. Bxg5 Ng4 21. Qxg4
fxg4 22. Bxd8 gxh3 23. Rg1+ Kf7 24. Bh4 Bf5 25. Rg3 Ne5 26. Ne4 Bxe4+ 27. dxe4
Rh8 28. Bg5 b6 29. b3 Rae8 30. Re1 Ke6 31. Kh2 Reg8 32. f4 Nf7 33. Bh4 Rxg3 34.
Bxg3 a6 35. Rg1 Nd6 36. f5+ Nxf5 37. exf5+ Kxf5 38. Re1 Rh6 39. Re5+ Kg4 40.
Re4+ Kf3 41. Rf4+ Ke2 42. Rf2+ Kd3 43. Rf3+ Ke2 44. Rf2+ Kd3 45. Rf3+ Ke2
1/2-1/2

[Event "CAN-ch"]
[Site "Toronto CAN"]
[Date "2006.08.18"]
[Round "1"]
[White "Ristovic, Nenad"]
[Black "Henry, Liam"]
[Result "1/2-1/2"]
[WhiteElo "2293"]
[BlackElo "2090"]
[PlyCount "121"]
[EventDate "2006.08.18"]
[EventType "swiss"]
[EventRounds "9"]
[EventCountry "CAN"]
[Source "Mark Crowther"]
[SourceDate "2006.08.21"]

1. d4 Nf6 2. c4 g6 3. Nc3 Bg7 4. g3 O-O 5. Bg2 d6 6. Nf3 Nc6 7. d5 Na5 8. Nd2
c6 9. O-O Bf5 10. h3 cxd5 11. cxd5 Rc8 12. Nb3 Nc4 13. Nd4 Bd7 14. b3 Qa5 15.
Nb1 Nb6 16. e4 Nfxd5 17. exd5 Rxc1 18. Qxc1 Bxd4 19. Qa3 Qxa3 20. Nxa3 Bxa1 21.
Rxa1 Rc8 22. Rd1 Rc5 23. Rd2 Ra5 24. Nb1 Bf5 25. Nc3 Rc5 26. Ne2 Rc2 27. Rxc2
Bxc2 28. f4 Kf8 29. Kf2 Bf5 30. g4 Bc8 31. Nd4 a6 32. f5 gxf5 33. gxf5 Kg7 34.
Ke3 Kf6 35. Kf4 Nd7 36. Be4 Nc5 37. Bc2 Bd7 38. h4 Bb5 39. Nxb5 axb5 40. a3 b4
41. axb4 Na6 42. b5 Nc7 43. Ke4 Nxb5 44. Bd3 Nc7 45. Kd4 h6 46. b4 Na6 47. b5
Nc5 48. Bc2 b6 49. Bb1 Nb3+ 50. Kc3 Nc1 51. Kd2 Nb3+ 52. Kc3 Nc5 53. Kd4 Nd7
54. Ke4 Kg7 55. Bc2 Nf6+ 56. Kd4 Nh5 57. Ke4 Kf6 58. Bd3 Kg7 59. Bc2 Ng3+ 60.
Kf3 Nh5 61. Ke4 1/2-1/2

[Event "CAN-ch"]
[Site "Toronto CAN"]
[Date "2006.08.18"]
[Round "1"]
[White "Tremblay, Rejean"]
[Black "Divljan, Igor"]
[Result "1-0"]
[WhiteElo "2139"]
[BlackElo "2319"]
[PlyCount "117"]
[EventDate "2006.08.18"]
[EventType "swiss"]
[EventRounds "9"]
[EventCountry "CAN"]
[Source "Mark Crowther"]
[SourceDate "2006.08.21"]

1. d4 Nf6 2. c4 e6 3. Nc3 Bb4 4. Qc2 c5 5. dxc5 Qc7 6. Nf3 a6 7. e3 Bxc5 8. a3
Be7 9. Bd3 b6 10. b4 Bb7 11. Bb2 d6 12. Rc1 Nbd7 13. Ne4 Nxe4 14. Bxe4 Bxe4 15.
Qxe4 O-O 16. O-O Rac8 17. Rfd1 Rfd8 18. h3 Bf6 19. Qb1 Bxb2 20. Qxb2 Nf6 21.
Nd2 Qb7 22. Rc2 h6 23. Rdc1 Rd7 24. Qd4 b5 25. Nb3 Qb8 26. cxb5 Rxc2 27. Rxc2
axb5 28. Qc3 Qb6 29. Qc6 Rb7 30. Qc8+ Kh7 31. Na5 Rb8 32. Qc7 Qxc7 33. Rxc7 Kg6
34. Nc6 Rb6 35. Ne7+ Kh7 36. Nc8 Ra6 37. Rxf7 Rxa3 38. Nxd6 Rb3 39. Nxb5 Rxb4
40. Nd4 e5 41. Ne6 Rb1+ 42. Kh2 Rb6 43. Rxg7+ Kh8 44. Re7 Rb2 45. Nf8 Rxf2 46.
Ng6+ Kg8 47. Rxe5 Kf7 48. Nf4 Ra2 49. Kg3 Ra3 50. Kf3 Rb3 51. g4 Ra3 52. Rb5
Ra7 53. Rb6 Kg7 54. h4 Rd7 55. g5 hxg5 56. hxg5 Ng8 57. Nh5+ Kf8 58. Rb8+ Kf7
59. Rxg8 1-0

[Event "CAN-ch"]
[Site "Toronto CAN"]
[Date "2006.08.19"]
[Round "2"]
[White "Anastasovski, Nikola"]
[Black "Huber, Greg"]
[Result "0-1"]
[WhiteElo "2016"]
[BlackElo "2245"]
[PlyCount "59"]
[EventDate "2006.08.18"]
[EventType "swiss"]
[EventRounds "9"]
[EventCountry "CAN"]
[Source "Mark Crowther"]
[SourceDate "2006.08.21"]

1. e4 c5 2. c4 Nc6 3. Nc3 g6 4. g3 Bg7 5. Bg2 a6 6. d3 b5 7. Be3 Rb8 8. Qd2 d6
9. Rc1 Bd7 10. b3 Nd4 11. h3 e6 12. Nce2 Qb6 13. f4 Ne7 14. Nf3 O-O 15. g4 f5
16. Bxd4 cxd4 17. Ng3 bxc4 18. dxc4 fxe4 19. Nxe4 d5 20. c5 Qc7 21. Nd6 Nc8 22.
Nxc8 Rbxc8 23. O-O Qxf4 24. Qxf4 Rxf4 25. b4 d3 26. Rb1 e5 27. Nxe5 Bxe5 28.
Bxd5+ Kg7 29. Rfd1 Ba4 30. Bb3 0-1

[Event "CAN-ch"]
[Site "Toronto CAN"]
[Date "2006.08.19"]
[Round "2"]
[White "Bailey, Doug"]
[Black "Kret, Ted"]
[Result "1-0"]
[WhiteElo "2308"]
[BlackElo "2138"]
[PlyCount "45"]
[EventDate "2006.08.18"]
[EventType "swiss"]
[EventRounds "9"]
[EventCountry "CAN"]
[Source "Mark Crowther"]
[SourceDate "2006.08.21"]

1. d4 Nf6 2. Nf3 b6 3. Bg5 Ne4 4. Bh4 Bb7 5. e3 d5 6. Ne5 Qd6 7. f3 Qb4+ 8. c3
Qxb2 9. fxe4 Qxa1 10. Qb3 f6 11. Bb5+ c6 12. O-O fxe5 13. Qxd5 Nd7 14. Bxc6
Bxc6 15. Qxc6 Rb8 16. dxe5 Qxa2 17. e6 Rd8 18. Rd1 g5 19. Bxg5 Bg7 20. exd7+
Kf7 21. Rf1+ Bf6 22. Rxf6+ Kg8 23. Rf1 1-0

[Event "CAN-ch"]
[Site "Toronto CAN"]
[Date "2006.08.19"]
[Round "2"]
[White "Chung, Kevin"]
[Black "Urquhart, Eddie"]
[Result "1/2-1/2"]
[WhiteElo "2047"]
[BlackElo "2212"]
[PlyCount "79"]
[EventDate "2006.08.18"]
[EventType "swiss"]
[EventRounds "9"]
[EventCountry "CAN"]
[Source "Mark Crowther"]
[SourceDate "2006.08.21"]

1. e4 c6 2. d4 d5 3. exd5 cxd5 4. c4 Nf6 5. Nc3 e6 6. Nf3 Bb4 7. Bd3 Nc6 8. a3
Be7 9. c5 a5 10. O-O O-O 11. Bf4 b6 12. Bb5 Na7 13. c6 Bd6 14. Qc1 Ne4 15. a4
Nxc3 16. bxc3 Qc7 17. Bxd6 Qxd6 18. c4 Nxc6 19. cxd5 Nb4 20. dxe6 Bxe6 21. Qb2
Rfd8 22. h3 Rac8 23. Rfc1 Qf4 24. Rxc8 Rxc8 25. Qe2 Nd5 26. Qe5 h6 27. Re1 Rc3
28. Qxf4 Nxf4 29. Nd2 Rc2 30. Nf1 g6 31. Rd1 Ra2 32. Ne3 Bb3 33. Rb1 Bxa4 34.
Bc4 Rd2 35. Rxb6 Rxd4 36. Ra6 Rd7 37. Rxa5 Bc6 38. Ra1 Kg7 39. Bf1 Rd2 40. Rd1
1/2-1/2

[Event "CAN-ch"]
[Site "Toronto CAN"]
[Date "2006.08.19"]
[Round "2"]
[White "Divljan, Igor"]
[Black "Zubac, Marius"]
[Result "1/2-1/2"]
[WhiteElo "2319"]
[BlackElo "2217"]
[PlyCount "42"]
[EventDate "2006.08.18"]
[EventType "swiss"]
[EventRounds "9"]
[EventCountry "CAN"]
[Source "Mark Crowther"]
[SourceDate "2006.08.21"]

1. d4 d5 2. c4 e6 3. Nc3 c6 4. Nf3 Nd7 5. Bf4 Ngf6 6. e3 Be7 7. Qc2 O-O 8. Rd1
Qa5 9. Nd2 Nh5 10. Bd3 f5 11. O-O Nxf4 12. exf4 Bd6 13. g3 Nf6 14. c5 Bb8 15.
Rb1 b5 16. cxb6 axb6 17. b4 Qa7 18. Nf3 Bd7 19. Ne5 Rc8 20. Nxd7 Qxd7 21. Qb3
Ne4 1/2-1/2